000
00299nam a22001217a 4500
008
181011b xxu||||| |||| 00| 0 eng d
041
_a
eng
080
_a
159.9
100
_a
48
101
_a
PSI
245
_a
Applications of a Social Learning Theory of Personality
_c
Rotter,J.B
942
_2
udc
_c
BK
999
_c
49332
_d
49332